00350nam a22001337a 4500003000400000005001700004008004100021020001800062040002900080100001700109245003600126260004600162300000800208OSt20260324162343.0260324b |||||||| |||| 00| 0 eng d a9789354661976 cIIMT UNIVERSITY MEERUT  aKrishna Garg aHuman Anatomy and Physiology- I aNEW DELHI bCBS Publishers & Distributors a226